00635nam a2200193 a 4500001001000000005001700010008004100027041000800068044000800076050002100084100003400105245013200139260003000271300002700301500000900328651003700337651004300374651002400417BRCA_351020190320204320.0250709s1916----nyua---###---#000-0#eng-# aeng anyu 4aF1234b.B85 19161 aBulnes, Franciscod1853-1924.10aThe whole truth about MéxicobPresident Wilson´s responsibilitycby Francisco Bulnes ; authorized translation by Dora Scott. aNew YorkbM. Bulnesc1916 ax, 395 p.bil.c20 cm. aB95. 4aMéxicoxRelaciones exteriores. 4aEstados UnidosxRelaciones exteriores. 4aMéxicoxHistoria.